[Event "Ljubljana op 7th"]
[Site "Ljubljana"]
[Date "1996.??.??"]
[Round "8"]
[White "Skok, Boris"]
[Black "Novkovic, Stojan"]
[Result "1-0"]
[WhiteElo "2155"]
[BlackElo "1990"]
[PlyCount "111"]
[EventDate "1996.06.??"]
[EventType "swiss"]
[EventRounds "9"]
[EventCountry "SLO"]
[SourceTitle "CBM 053 Extra"]
[Source "ChessBase"]
[SourceDate "1996.09.01"]
[SourceVersion "1"]
[SourceVersionDate "1996.09.01"]
[SourceQuality "1"]

1. d4 Nf6 2. c4 e6 3. Nf3 b6 4. a3 Bb7 5. Nc3 Be7 6. e3 0-0 7. Bd3 d5 8. cxd5 exd5 9. 0-0 c5 10. Qe2 Re8 11. Rd1 Nbd7 12. Ne5 cxd4 13. exd4 Bd6 14. f4 a6 15. Qf3 Nf8 16. Be3 Rc8 17. Rac1 Ng6 18. Bf2 Bb8 19. Re1 Rc7 20. Ne2 Ne4 21. Be3 Nh4 22. Qh3 Bc8 23. g4 Rxc1 24. Rxc1 Bxe5 25. dxe5 Bd7 26. Rd1 h5 27. Bxe4 hxg4 28. Qg3 dxe4 29. Rxd7 Nf3+ 30. Qxf3 exf3 31. Rxd8 Rxd8 32. Nd4 Kh7 33. Kf2 Kg6 34. Kg3 Kh5 35. h3 gxh3 36. Kxh3 g5 37. fxg5 b5 38. Kg3 Rd5 39. Nxf3 Rd1 40. Kf4 Rb1 41. Bd4 Rf1 42. Bc3 Rf2 43. Ke3 Rg2 44. Ke4 Kg4 45. g6 fxg6 46. Nd4 Rf2 47. e6 Rf8 48. Ke5 g5 49. e7 Re8 50. Ke6 Kf4 51. Nf5 g4 52. Be5+ Kf3 53. Nd6 Rxe7+ 54. Kxe7 g3 55. Bxg3 Kxg3 56. Kd7 1-0